Numerical methods with fortran iv case studies / (Record no. 180966)
[ view plain ]
| 000 -LEADER | |
|---|---|
| fixed length control field | 00842nam a2200253Ia 4500 |
| 003 - CONTROL NUMBER IDENTIFIER | |
| control field | OSt |
| 005 - DATE AND TIME OF LATEST TRANSACTION | |
| control field | 20220616105406.0 |
| 008 - FIXED-LENGTH DATA ELEMENTS--GENERAL INFORMATION | |
| fixed length control field | 210716s1972 xx 000 0 und d |
| 020 ## - INTERNATIONAL STANDARD BOOK NUMBER | |
| International Standard Book Number | 0471219193 |
| 040 ## - CATALOGING SOURCE | |
| Transcribing agency | AIMIT LIBRARY |
| 041 ## - LANGUAGE CODE | |
| Language code of text/sound track or separate title | eng |
| 082 ## - DEWEY DECIMAL CLASSIFICATION NUMBER | |
| Classification number | 511.42 |
| Edition number | 1 |
| Item number | DORW |
| 100 ## - MAIN ENTRY--PERSONAL NAME | |
| Personal name | Dorn, William S. |
| 9 (RLIN) | 43254 |
| 245 ## - TITLE STATEMENT | |
| Title | Numerical methods with fortran iv case studies / |
| Statement of responsibility, etc. | By William S Dorn and Daniel D McCracken. |
| 250 ## - EDITION STATEMENT | |
| Edition statement | 1st ed. |
| 260 ## - PUBLICATION, DISTRIBUTION, ETC. | |
| Place of publication, distribution, etc. | New York : |
| Name of publisher, distributor, etc. | John Wiley and Sons , |
| Date of publication, distribution, etc. | 1972. |
| 300 ## - PHYSICAL DESCRIPTION | |
| Extent | xii,447p. ; |
| Dimensions | 24.5 cm. |
| 650 ## - SUBJECT ADDED ENTRY--TOPICAL TERM | |
| Topical term or geographic name entry element | Solutions of equations |
| 9 (RLIN) | 43255 |
| 650 ## - SUBJECT ADDED ENTRY--TOPICAL TERM | |
| Topical term or geographic name entry element | Numerical instabilities and their cure |
| 9 (RLIN) | 43256 |
| 650 ## - SUBJECT ADDED ENTRY--TOPICAL TERM | |
| Topical term or geographic name entry element | Numerical differentiation and integration |
| 9 (RLIN) | 43257 |
| 650 ## - SUBJECT ADDED ENTRY--TOPICAL TERM | |
| Topical term or geographic name entry element | Least squares approximations |
| 9 (RLIN) | 43258 |
| 700 ## - ADDED ENTRY--PERSONAL NAME | |
| Personal name | McCracken, Daniel D. |
| 9 (RLIN) | 43259 |
| 942 ## - ADDED ENTRY ELEMENTS (KOHA) | |
| Source of classification or shelving scheme | Dewey Decimal Classification |
| Koha item type | Book |
| Edition | 1st |
| Call number prefix | 511.42 DORW |
| Withdrawn status | Lost status | Damaged status | Not for loan | Collection code | Home library | Current library | Date acquired | Total Checkouts | Full call number | Barcode | Date last seen | Price effective from | Koha item type |
|---|---|---|---|---|---|---|---|---|---|---|---|---|---|
| MCA | St Aloysius Institute of Management & Information Technology | St Aloysius Institute of Management & Information Technology | 07/16/2021 | 511.42 DORW | MCA00474 | 05/23/2026 | 07/16/2021 | Book |